000
00259nam a22001217a 4500
008
210302b ||||| |||| 00| 0 eng d
041
_a
eng
080
_a
159.9
100
_a
49
101
_a
PSI
245
_a
Human Physiology
_c
Houssay,A.B
942
_2
udc
_c
BK
999
_c
55501
_d
55501